000
00290nam a22001217a 4500
020
_a
0-8094-6058-8
082
_a
005.3 UBD'T
100
_a
TIME - LIFE
_9
57076
245
_a
UNDERSTANDING COMUTERS THE SOFTWARE CHALLANGE
260
_a
VIRGINIA
_b
TIME - LIFE
300
_a
127P
942
_c
BK
999
_c
567381
_d
567381